000 00358nam a2200133Ia 4500
003 GCL
008 140319s9999 xx 000 0 ara d
040 _aGCL /
_cGCL
082 0 4 _a791.43
_bس س
100 1 _aسمير فريد
245 1 0 _aسينما 65 /
_cسمير فريد
300 _a85 ص
490 _aالهيئة العامة للاستعلامات
_v0
999 _c47585
_d47585